USports Sports List - Statistics

General Stats
  • This quiz has been taken 8 times
  • The average score is 17 of 23
Answer Stats
Hint Answer % Correct
Men's Sports Football
100%
Men's Sports Hockey
100%
Women's Sports Hockey
100%
Men's Sports Basketball
88%
Women's Sports Basketball
88%
Men's Sports Curling
88%
Women's Sports Curling
88%
Men's Sports Soccer
88%
Women's Sports Soccer
88%
Women's Sports Rugby
75%
Men's Sports Swimming
75%
Women's Sports Swimming
75%
Men's Sports Track & Field
75%
Women's Sports Track & Field
75%
Women's Sports Field Hockey
63%
Men's Sports Tennis
63%
Women's Sports Tennis
63%
Men's Sports Volleyball
63%
Women's Sports Volleyball
63%
Men's Sports Cross Country
50%
Women's Sports Cross Country
50%
Men's Sports Wrestling
50%
Women's Sports Wrestling
50%
No matching quizzes found
Score Distribution
Percent of People with Each Score
Percentile by Number Answered
Your Score History
You have not taken this quiz